000 00473nam a2200157 4500
008 161025b xxu||||| |||| 00| 0 eng d
022 _a9770118389007
082 _aDPer 641.05 F73 Mar-Nov 2012
100 _916693
_aDiaz, Tina Concepcion
245 _aGreening your kitchen/
_cTina Concepcion Diaz.
260 _aQuezon City:
_bABS CBN Publishing, Inc.,
_cc2012.
300 _apage 86;
_c30 cm.
500 _aFood.
650 0 _916694
_aKitchen
942 _2ddc
_cPER
999 _c5414
_d5414